Základní, obecně uznávané zásady účetnictví v tržní ekonomice: význam a klasifikace. 1

Význam všeobecne uznávaných zásad v účtovníctve. Teoretické východiská zásad. Podstata a klasifikácia medzinárodných účtovných štandardov.

Guardado en:
Detalles Bibliográficos
Autor principal: Janout, J.
Formato: Capítulo de libro
Lenguaje:checo
Materias:
Etiquetas: Agregar Etiqueta
Sin Etiquetas, Sea el primero en etiquetar este registro!

MARC

LEADER 00000naa a2200000 4500
001 r027894
005 20230913081314.1
041 0 |a cze 
044 |a CZ 
245 1 0 |a Základní, obecně uznávané zásady účetnictví v tržní ekonomice: význam a klasifikace. 1  |c J. Janout 
520 |a Význam všeobecne uznávaných zásad v účtovníctve. Teoretické východiská zásad. Podstata a klasifikácia medzinárodných účtovných štandardov. 
610 2 0 |a účtovníctvo medzinárodné 
610 2 0 |a štandardizácia 
610 2 0 |a hospodárstvo trhové 
100 1 |a Janout, J.